000 00308nam a22001217a 4500
003 OSt
005 20160217163733.0
008 160217b xxu||||| |||| 00| 0 eng d
040 _cRongo University College
245 _aEcology Concepts And Aplication
260 _aUSA
_bMc Graw-Hill
_c2005
942 _2lcc
_cBK
999 _c252432
_d252431